000 02759nam0a2200517 4500
001 RU\NLR\BIBL_A\011682805
005 20200317153010.0
021 _aRU
_bКН-П-18-016275
_9КН-П-18-1170
029 1 0 _aRU
_b62087-2-2017
_cГОСТ Р МЭК
035 _a(NLR Aleph) 011682805
035 _a(RuMoRGB)009559690
090 _a11296153
_c11296153
100 _a20180416d2018 k y0rusy50 ca
101 0 _arus
102 _aRU
105 _aa l 000|y
200 1 _aАудио-, видеоаппаратура и связанное с ней оборудование
_iОпределение потребления энергии
_hч. 2
_iСигналы и носители информации
_dAudio, video and related equipment. Determination of power consumption. Part 2. Signals and media
_zeng
_eГОСТ Р МЭК 62087-2-2017
_fподготовлен Научно-техническим центром сертификации электрооборудования "ИСЭП" (АНО "НТЦСЭ "ИСЭП")
205 _aИзд. офиц.
210 _aМосква
_cСтандартинформ
_d2018
215 _aVI, 17 c.
_cил.
_d29
225 1 _aНациональный стандарт Российской Федерации
_fФедеральное агентство по техническому регулированию и метрологии
239 _aВвед. 01.10.2018
320 _aБиблиогр.: с. 17 (15 назв.)
510 1 _aAudio, video and related equipment
_zeng
510 1 _aDetermination of power consumption
_zeng
510 1 _aSignals and media
_zeng
517 1 _aГОСТ Р МЭК 62087-2-2017
606 1 _aНосители информации
_jСтандарты
_91185567
_3RU\NLR\AUTH\66477692
606 1 _aВидеосигналы
_jСтандарты
_91275012
_3RU\NLR\AUTH\66207387
610 0 _aтелевизионные приемники
610 0 _aресиверы
610 0 _aпиковая яркость
675 _a621.396.62
675 _a621.397.44
686 _a33.160.10
_v2000
_2ОКС
686 _a26.40
_2ОКПД2
686 1 _aЗ871-5-042я861
686 1 _aЗ94-01я861
712 0 1 _4725
_aРоссийская Федерация
_bФедеральное агентство по техническому регулированию и метрологии
_9630205
_3RU\NLR\AUTH\8810064304
712 0 2 _4900
_a"ИСЭП", научно-технический центр сертификации электрооборудования
_cСанкт-Петербург
_9533391
_3RU\NLR\AUTH\880434513
942 _cBOOK
980 _aNBR
980 _aNB